[Event "World Junior U20 Open 2018"]
[Site "Gebze"]
[Date "2018.09.07"]
[Round "4.1"]
[White "Maghsoodloo, Parham"]
[Black "Hakobyan, Aram"]
[Result "1-0"]
[WhiteElo "2649"]
[BlackElo "2554"]
[Annotator "TA"]
[PlyCount "151"]
[EventDate "2018.09.05"]
[EventType "swiss"]
[EventCountry "TUR"]
[SourceTitle "playchess.com"]
[Source "ChessBase"]
[SourceQuality "1"]

{[%evp 22,151,18,18,23,16,18,13,13,10,4,-3,21,0,0,-9,0,0,0,0,0,0,0,0,0,0,0,0,0,0,17,16,38,0,39,16,11,3,33,31,118,119,123,114,115,95,95,77,60,0,0,0,0,0,45,49,47,48,79,81,102,129,85,101,129,129,78,79,87,97,151,115,652,657,646,629,581,575,550,0,549,545,469,160,168,69,88,27,100,104,101,100,118,102,125,77,76,75,180,117,118,118,118,118,101,99,104,161,288,253,261,278,627,627,627,627,627,558,620,620,620,620,613,606,613,0,598,565,547,435,29991,29992]} 1. Nf3 Nf6 2. g3 g6 3. b3 c5 4. c4 Bg7 5. Bb2 d6 6. Bg2 e5 7. O-O O-O 8. Nc3 Nc6 9. d3 h6 10. Nd2 Be6 {A38: Symmetrical English vs ...g6: 4 Bg2 Bg7 5 Nf3 Nf6} 11. Nde4 Ne8 (11... Qd7 12. Nxf6+ Bxf6 13. a3 Bg7 14. Nd5 Rab8 15. b4 b6 16. Bc3 Ne7 17. Nxe7+ Qxe7 18. a4 Qd7 19. Qd2 d5 20. bxc5 bxc5 21. cxd5 Bxd5 {½-½ (36) Artemiev,V (2653)-Gelfand,B (2725) Moscow 2016}) 12. Nd5 {LiveBook: 10 Games} Ne7 {The position is equal.} 13. Nec3 $146 ({Predecessor:} 13. Nxe7+ Qxe7 14. Qd2 f5 15. Nc3 Nf6 16. Rab1 Kh7 17. a3 Rad8 18. b4 {½-½ (47) Bendig,F (2309)-Eckhardt,T (2449) ICCF email 2008}) 13... Nxd5 14. Nxd5 Nc7 15. Nc3 Rb8 16. e3 d5 17. Qc2 d4 18. exd4 exd4 19. Ne4 b6 20. Rae1 f5 21. Nd2 g5 22. Nf3 Qd6 23. Bc1 f4 24. gxf4 gxf4 25. Kh1 Rbe8 26. Nd2 Qd7 27. Rg1 Kh8 28. Bf3 Bf5 29. Ne4 Ne6 30. Qd1 Bxe4 ({Black should play} 30... Re7 $14) 31. Bxe4 $16 (31. Rxe4 $6 Ng5 $11) 31... Ng5 32. Rxg5 $1 Rxe4 33. Rxe4 hxg5 34. Qh5+ Kg8 35. f3 (35. Kg2 $14) 35... Bf6 $11 36. Qg6+ Qg7 37. Qf5 Bd8 38. Qg4 Kh7 39. Kg2 Qf7 40. b4 Re8 41. bxc5 (41. Rxe8 $6 Qxe8 42. Kf2 Qa4 $11) 41... bxc5 42. Bd2 (42. Rxe8 $6 Qxe8 43. Qf5+ Kg7 $11) 42... Rxe4 43. fxe4 Qb7 44. Kf2 Qb2 45. Ke2 Qxa2 {[#]} (45... Kh8 $142) 46. h4 $1 $16 {[%cal Rh4g5][%mdl 512]} gxh4 $2 {[%mdl 8192]} (46... a6 $16) 47. Qxf4 $18 ({Not} 47. Qd7+ Kg6 $16) 47... Kg7 48. Qg4+ Kf7 49. Qh5+ Kg7 50. Qg4+ Kf7 $1 51. Qf5+ Ke8 52. Qxc5 $2 (52. Qh5+ $18 Kd7 53. Qxc5) 52... Qa6 $16 53. Qxd4 ({White should try} 53. Qe5+ $18 Be7 54. Bb4) 53... Qg6 {...Qh5+ is the strong threat.} 54. Qe5+ Kd7 (54... Kf7 $11 {remains equal.}) 55. Qd5+ $1 Ke8 56. Qb5+ Kf7 57. Qd7+ $1 Be7 58. Bb4 ({Much weaker is} 58. Qxa7 $6 Qh5+ 59. Ke1 h3 $11) 58... Qg2+ 59. Kd1 Qg5 (59... Qg1+ $16 {was called for.} 60. Kc2 Qh2+ 61. Kb3 Qe5 62. Qxa7 h3 63. Bxe7 Qxe7) 60. Kc2 (60. Bd6 $1 $18) 60... a5 61. Bd6 {aiming for e5.} Qf6 62. Bxe7 Qxe7 {[%mdl 4096] Endgame KQ-KQ} 63. Qd5+ Kg7 64. Qxa5 h3 (64... Qf6 $142 65. Qa7+ Kg6) 65. Qh5 $18 Qe6 66. e5 Qh6 $2 (66... Kg8 67. Kd1 Kf8) 67. Qg4+ $1 Kf8 68. Qd7 $1 Qh4 69. Qd6+ Kg7 70. e6 h2 71. Qe5+ $1 Kh7 {[#]} 72. Qf5+ $1 ({Don't go for} 72. e7 $2 Qf2+ 73. Kc3 h1=Q $19) 72... Kg7 73. e7 $2 (73. Qf7+ $18 Kh6 74. e7) 73... h1=Q $4 {[%mdl 8192]} (73... Qxe7 $11 74. Qg4+ Kh8 75. Qh3+ Qh7 76. Qc8+ Kg7 77. Qg4+ Qg6 78. Qd4+ Qf6 79. Qd7+ Qf7 80. Qd4+ Qf6 81. Qg4+ Qg6 82. Qd4+ Qf6) 74. Qe5+ Kh7 {[#] ( -> ...Qf2+)} 75. e8=Q $1 {[%csl Ge8][%cal Re5h8]} Qxc4+ (75... Qf2+ $18 76. Qe2 Qhf3 77. Qxf2 Qxf2+ 78. Kb3 Qb6+ 79. Qb5 Qg1) 76. dxc4 {Precision: White = 67%, Black = 45%.} 1-0

[Event "World Junior U20 Open 2018"]
[Site "Gebze"]
[Date "2018.09.07"]
[Round "4.2"]
[White "Donchenko, Alexander"]
[Black "Christiansen, Johan-Sebastian"]
[Result "1/2-1/2"]
[WhiteElo "2614"]
[BlackElo "2525"]
[Annotator "TA"]
[PlyCount "60"]
[EventDate "2018.09.05"]
[EventType "swiss"]
[EventCountry "TUR"]
[SourceTitle "playchess.com"]
[Source "ChessBase"]
[SourceQuality "1"]

{[%evp 16,60,32,24,31,8,29,33,31,45,47,0,0,0,0,0,16,14,16,16,16,16,16,16,12,13,26,21,16,-16,-16,-16,-24,-19,-12,-16,5,4,5,5,5,5,5,5,5,0,0]} 1. c4 e5 2. g3 Nc6 3. Nc3 Bc5 4. Bg2 d6 5. e3 a6 6. Nge2 {A25: English Opening vs King's Indian with ...Nc6 but without early d3} Ba7 7. b3 Nf6 8. Bb2 O-O 9. O-O {LiveBook: 11 Games} Re8 10. h3 $146 ({Predecessor:} 10. d4 exd4 11. exd4 Bf5 12. h3 h6 13. a3 Qd7 14. Kh2 {0-1 (27) Reshetnikov,A (2497)-Najer,E (2626) Moscow 2013}) 10... Rb8 11. Kh2 Bd7 12. Rc1 h6 13. Nd5 Nxd5 $1 14. cxd5 Nb4 15. d4 {[#] a3 is the strong threat.} Nxa2 16. Ra1 Nb4 17. Ba3 $1 {[%cal Ra3b4]} c5 18. dxc6 $1 bxc6 19. dxe5 dxe5 20. Bxb4 Rxb4 21. Rxa6 Bb6 22. Qd6 Bc8 23. Qxd8 Rxd8 24. Ra8 Rxb3 {The position is equal.} 25. Bxc6 Rb2 26. Nc3 {Black must now prevent Na4.} Be6 {[#] aiming for ...Rxa8.} 27. Na4 Rxa8 28. Bxa8 Rb4 29. Nxb6 Rxb6 30. Be4 g6 {Precision: White = 64%, Black = 52%.} 1/2-1/2

[Event "World Junior U20 Open 2018"]
[Site "Gebze"]
[Date "2018.09.07"]
[Round "4.3"]
[White "Tang, Andrew"]
[Black "Firouzja, Alireza"]
[Result "0-1"]
[WhiteElo "2489"]
[BlackElo "2582"]
[Annotator "TA"]
[PlyCount "84"]
[EventDate "2018.09.05"]
[EventType "swiss"]
[EventCountry "TUR"]
[SourceTitle "playchess.com"]
[Source "ChessBase"]
[SourceQuality "1"]

{[%evp 16,84,50,39,61,40,50,36,55,53,50,54,57,27,41,20,27,6,82,33,30,33,32,32,35,22,25,25,16,29,18,25,16,25,30,29,38,40,38,0,0,-16,0,-4,0,0,0,0,0,0,0,-4,-10,-180,-185,-200,-183,-187,-75,-77,-70,-75,-84,-77,-71,-85,-83,-201,-197,-373,-356]} 1. d4 f5 2. Nf3 Nf6 3. g3 g6 4. Bg2 Bg7 5. O-O O-O 6. b3 d6 7. Bb2 c6 8. Nbd2 Na6 9. e3 {LiveBook: 18 Games} Ne4 {A81: Dutch Defence: 2 g3} (9... Kh8 10. c4 Rb8 11. a3 Be6 12. Rc1 Qd7 13. Ne1 c5 14. Nd3 b5 15. dxc5 Nxc5 16. Nxc5 dxc5 17. Qc2 bxc4 18. Nxc4 Bxc4 19. Qxc4 {½-½ (85) Vallejo Pons,F (2705)-Ivanchuk,V (2775) Beijing 2011}) 10. Qe2 Qc7 $146 ({Predecessor:} 10... Rb8 11. Rad1 Qa5 12. a3 b5 13. Nxe4 fxe4 14. Nd2 d5 15. f3 exf3 16. Nxf3 Bg4 17. h3 {1-0 (31) Gaede,D (2340)-Roettig,H (2078) Kiel 2017}) 11. Rad1 Bd7 {White is slightly better.} 12. Ne1 Ng5 13. Nd3 Rae8 14. h4 Nf7 $1 15. e4 e5 16. dxe5 dxe5 (16... fxe4 $1 $11 {remains equal.} 17. Qxe4 (17. Nxe4 d5 $11) 17... d5) 17. Rfe1 f4 18. gxf4 exf4 19. e5 Bf5 20. Nf3 Qe7 21. Nxf4 Bg4 22. Nd3 Nh6 23. Qe4 Nc7 {[%cal Ba6c7,Bc7e6,Be6f4][%mdl 32]} 24. Bc1 Ne6 25. Bxh6 Bxf3 $1 26. Bxf3 Bxh6 {[%cal Bg7h6,Bh6f4,Bf4c7][%mdl 32]} 27. Bg4 Nf4 $1 28. Qc4+ Kh8 29. Nxf4 Rxf4 30. Re4 $1 {[%cal Re4f4]} Ref8 31. Rxf4 Bxf4 32. e6 {Black must now prevent Qc3+.} Qxh4 33. Qc3+ Kg8 {( -> ...Bh2+)} 34. Bh3 $2 {[#]} (34. Qh3 $11 Qg5 35. Kh1) 34... Bc7 $1 $19 35. Rd2 Bb6 $40 {[%cal Rf8f2][%mdl 128] White is in trouble.} 36. e7 {Intending Be6+ and mate.} Qxe7 (36... Rxf2 $19 {is more deadly.} 37. Rd8+ (37. Qe3 $2 Rxd2 38. e8=Q+ Kg7 $19) 37... Rf8+ 38. Kh1 Rxd8 39. exd8=N Bxd8 40. Qc4+ Qxc4 41. bxc4 c5) 37. Qc4+ $17 Rf7 {Threatens to win with ...Qe1+.} 38. Kf1 $1 Kf8 {And now ...Qf6 would win.} 39. Qc3 {[%cal Rc3h8] [#]} Rf6 40. Re2 Qd6 41. Rd2 (41. Qd2 $17 {is a better defense.}) 41... Qf4 $19 42. Re2 $2 (42. Bg2) 42... Qh4 {Precision: White = 43%, Black = 64%.} 0-1

[Event "World Junior U20 Open 2018"]
[Site "Gebze"]
[Date "2018.09.07"]
[Round "4.4"]
[White "Sindarov, Javokhir"]
[Black "Aravindh, Chithambaram VR"]
[Result "1-0"]
[WhiteElo "2484"]
[BlackElo "2578"]
[Annotator "TA"]
[PlyCount "78"]
[EventDate "2018.09.05"]
[EventType "swiss"]
[EventCountry "TUR"]
[SourceTitle "playchess.com"]
[Source "ChessBase"]
[SourceQuality "1"]

{[%evp 23,78,21,33,27,51,23,39,28,17,24,0,-22,-32,-33,68,77,91,92,116,121,168,163,156,145,145,75,205,197,224,193,219,158,110,0,446,452,586,636,647,623,600,585,690,857,870,855,827,794,711,829,813,770,749,764,824,791,29991]} 1. e4 c5 2. Nc3 Nc6 3. Nf3 g6 4. d4 cxd4 5. Nxd4 Bg7 6. Be3 Nf6 7. Nxc6 bxc6 8. e5 Nd5 9. Nxd5 cxd5 10. Qxd5 Rb8 11. O-O-O Bb7 {B34: Sicilian: Accelerated Dragon with 5 Nc3: sidelines} (11... Qc7 12. f4 d6 13. Bb5+ Bd7 14. Bxd7+ Qxd7 15. Bd4 O-O 16. exd6 Rb5 17. Qe4 Bxd4 18. Rxd4 exd6 19. Rhd1 {1-0 (34) Popov,I (2651)-Vokarev,S (2468) Loo 2014}) 12. Qc5 O-O {LiveBook: 5 Games} 13. c3 Rc8 {White has an edge.} 14. Qb4 Qc7 $146 ({Predecessor:} 14... Bc6 15. f4 Rb8 16. Qc5 Qe8 17. h4 d6 18. exd6 exd6 19. Rxd6 {½-½ (31) Kjeldsen,K (1642)-Larsen,A (2022) ICCF email 2011}) 15. f4 d6 16. exd6 exd6 17. Bd4 (17. Rxd6 $2 Rfe8 $19) (17. Qxd6 $2 Qa5 $19) 17... Bh6 18. Kb1 Rb8 (18... a5 $15 19. Qa4 Bxf4) 19. Bxa7 $14 Ra8 20. Bb6 Qe7 21. a4 Be4+ 22. Bd3 Bxg2 23. Rhe1 Qh4 24. Be4 ({Much worse is} 24. Qxd6 $6 Bf3 $11) (24. a5 $142) 24... Bxe4+ (24... Rae8 $16) 25. Rxe4 $18 ({Much less strong is} 25. Qxe4 $6 Bxf4 26. a5 Qh6 $16) 25... Qxh2 26. a5 ({Weaker is} 26. Rxd6 Rfb8 $14) 26... Rfb8 27. Qb5 Bxf4 28. Re2 (28. Rf1 $16 Be5 29. Qd5) 28... Rxa5 $2 {[%mdl 8192] [#]} (28... Qh3 $11 {and Black has nothing to worry.}) 29. Re8+ {White is clearly winning.} Kg7 30. Bd4+ Be5 31. Bxe5+ dxe5 32. Qxb8 Qe2 {[%cal Re2d1] [#]} 33. Rg8+ Kh6 34. Rh1+ Kg5 35. Qd8+ Kf5 36. Qxa5 Qe4+ 37. Ka2 Qxh1 38. Rf8 f6 39. Qd8 Ke4 {Precision: White = 80%, Black = 28%.} 1-0

[Event "World Junior U20 Open 2018"]
[Site "Gebze"]
[Date "2018.09.07"]
[Round "4.6"]
[White "Kevlishvili, Robby"]
[Black "Karthikeyan, Murali"]
[Result "1/2-1/2"]
[WhiteElo "2485"]
[BlackElo "2605"]
[Annotator "TA"]
[PlyCount "89"]
[EventDate "2018.09.05"]
[EventType "swiss"]
[EventCountry "TUR"]
[SourceTitle "playchess.com"]
[Source "ChessBase"]
[SourceQuality "1"]

{[%evp 19,89,45,48,29,41,41,41,43,47,26,39,39,41,41,76,22,26,16,10,6,22,12,17,14,14,14,11,6,14,0,0,0,13,0,0,0,14,0,0,0,124,43,31,31,35,31,22,15,129,125,260,271,271,277,250,66,124,102,115,60,350,243,219,0,0,0,0,0,56,0,0,0]} 1. e4 c5 2. Nf3 e6 3. d4 cxd4 4. Nxd4 a6 5. c4 Nf6 6. Nc3 Bb4 7. Qd3 {B41: Sizilianisch (Paulsen-Variante)} d6 (7... Qc7 8. Nc2 Bc5 9. Be2 O-O 10. O-O Nc6 11. Kh1 d6 12. f4 Bd7 13. a3 Rad8 14. b4 Ba7 {½-½ (115) Karjakin,S (2782)-Caruana,F (2816) Paris 2018}) 8. Nc2 Bc5 9. Be2 Nc6 10. O-O O-O {LiveBook: 3 Partien} 11. Be3 $146 ({Vorgänger:} 11. Qg3 Nd4 12. Nxd4 Bxd4 13. Bh6 Ne8 14. Rfd1 e5 {1-0 (51) Papp,G (2598)-Romanov,E (2626) Germany 2018}) 11... e5 12. Rfd1 Be6 13. Rab1 Rc8 14. b4 Bxe3 15. Qxe3 Qc7 16. Rbc1 Rfd8 17. h3 (17. Nd5 $16 Bxd5 18. cxd5 (18. exd5 Ne7 $14)) 17... Nb8 {[%cal Bc6b8,Bb8d7,Bd7b6][%mdl 32]} 18. Na3 Nbd7 19. Qd2 Nb6 20. Nd5 Bxd5 $1 21. cxd5 Qd7 22. Qe3 Rxc1 23. Rxc1 Rc8 24. Bd3 Rxc1+ 25. Qxc1 h5 26. Nb1 Qa4 27. a3 a5 28. Nc3 Qb3 29. bxa5 Nbd7 (29... Na4 $11 30. Nxa4 Qxd3) 30. a6 (30. Bf1 $16) 30... bxa6 $14 31. Bxa6 Nc5 32. Bf1 h4 33. f3 $36 {[%mdl 2048] Droht Sb5 und aus. Weiss hat gut koordiniertes Spiel.} Nh5 {[#]} (33... Qb6 $11 {hält das Gleichgewicht.} 34. Kh2 Nh5) 34. Nb5 $1 $16 {Und Lc4 würde nun gewinnen.} Ng3 {[#]} (34... Nb7 $16) 35. Bc4 $1 $18 (35. Nxd6 Nd3 $14) 35... Qa4 36. Nxd6 Qa5 37. Nf5 $2 (37. Kh2 $18 f6 38. Ne8) 37... Nb3 ({Besser ist} 37... Qb6 $14 38. Ne3 Nb3) 38. Qe3 $16 Nd4 39. Nxh4 ({Lieber} 39. Nxg3 $16 hxg3 40. Bf1) 39... Nge2+ $2 {[%mdl 8192]} (39... Qc5 $14 40. Bd3 (40. Kh2 Nde2 $11) 40... Nde2+ 41. Kf2 Qxa3) 40. Kf2 ({Lieber nicht} 40. Bxe2 Qe1+ 41. Kh2 Nxe2 $11) 40... Nc3 {( -> ...Sd1+)} 41. Kg3 $2 (41. Qc1 $18) 41... Qc5 $1 $11 {...Sde2+! ist eine echte Drohung.} 42. Qg5 $1 {zielt auf Lf1 ab.} ({Nur nicht} 42. Qxc3 $2 Ne2+ 43. Bxe2 Qxc3 $19) 42... Qxc4 43. Qxe5 {Droht stark De8+.} g6 (43... Nce2+ $11 44. Kg4 Qc8+ 45. Nf5 f6) 44. Nxg6 (44. Kg4 $1 $14) 44... fxg6 45. Qe8+ {Precision: Weiß = 49%, Schwarz = 42%.} 1/2-1/2

[Event "World Junior U20 Open 2018"]
[Site "Gebze"]
[Date "2018.09.07"]
[Round "4.7"]
[White "Karthik Venkataraman"]
[Black "Liang, Awonder"]
[Result "1/2-1/2"]
[WhiteElo "2519"]
[BlackElo "2575"]
[Annotator "TA"]
[PlyCount "72"]
[EventDate "2018.09.05"]
[EventType "swiss"]
[EventCountry "TUR"]
[SourceTitle "playchess.com"]
[Source "ChessBase"]
[SourceQuality "1"]

{[%evp 37,72,34,40,40,31,28,39,3,8,5,24,7,21,19,25,17,16,16,19,24,9,1,18,0,0,0,0,0,0,0,0,0,0,0,0,-10,-8]} 1. e4 e5 2. Nf3 Nc6 3. Bb5 a6 4. Ba4 Nf6 5. O-O Be7 6. Re1 b5 7. Bb3 d6 8. c3 O-O 9. h3 Nb8 10. d4 Nbd7 11. Nbd2 Bb7 12. Bc2 Re8 13. Nf1 Bf8 14. Ng3 g6 15. a4 Bg7 16. Bd3 d5 {C95: Closed Ruy Lopez: Breyer Variation with 10 d4} (16... exd4 17. cxd4 c5 18. axb5 axb5 19. Rxa8 Bxa8 20. dxc5 Nxc5 21. Bxb5 Rf8 22. e5 dxe5 23. Qxd8 Rxd8 24. Nxe5 {½-½ (39) Hou,Y (2658)-Vitiugov,N (2734) Belokurikha 2018}) 17. Bg5 b4 18. cxb4 h6 19. Bxf6 Qxf6 {LiveBook: 4 Games} 20. exd5 Bxd5 21. Be4 c6 {[%cal Re5d4]} 22. Qd2 $146 ({Predecessor:} 22. dxe5 Nxe5 23. Bxd5 cxd5 24. Qxd5 Nxf3+ 25. gxf3 {½-½ (34) Krzyzanowski,A (2393)-Krauss,H (2313) ICCF email 2016}) 22... exd4 23. Bxd5 cxd5 24. Ne2 {[%cal Re2d4]} Ne5 25. Nxe5 Rxe5 26. Nf4 Rxe1+ 27. Rxe1 Qc6 28. a5 Qb5 29. Rc1 {The position is equal.} Bf8 $1 30. Qxd4 Qxb4 31. Qe5 Qe4 32. Qxe4 dxe4 33. Nd5 Rb8 34. Rc6 Rxb2 35. Rxa6 Kg7 36. Rc6 Rb5 {Precision: White = 42%, Black = 85%.} 1/2-1/2

[Event "World Junior U20 Open 2018"]
[Site "Gebze"]
[Date "2018.09.07"]
[Round "4.8"]
[White "Lodici, Lorenzo"]
[Black "Vavulin, Maksim"]
[Result "0-1"]
[WhiteElo "2458"]
[BlackElo "2559"]
[Annotator "TA"]
[PlyCount "80"]
[EventDate "2018.09.05"]
[EventType "swiss"]
[EventCountry "TUR"]
[SourceTitle "playchess.com"]
[Source "ChessBase"]
[SourceQuality "1"]

{[%evp 15,80,51,42,50,43,49,50,33,40,44,35,19,16,17,37,0,0,0,0,-41,-37,-62,-27,-103,-96,-174,-172,-168,-164,-193,-197,-267,-220,-391,-387,-377,-362,-580,-560,-540,-212,-208,-212,-203,-212,-212,-203,-208,-209,-193,-187,-206,-195,-191,-175,-225,-208,-214,-208,-204,-145,-278,-281,-275,-267,-286,-300]} 1. d4 g6 2. e4 Bg7 3. Nf3 e6 4. c3 Ne7 5. Bd3 b6 6. Nbd2 {B06: Modern Defence} Bb7 7. h4 h6 8. Qe2 d6 {LiveBook: 3 Games} 9. Nc4 (9. Nf1 a6 10. Ng3 Nd7 11. Bd2 c5 {0-1 (33) Timman,J (2610)-Fries Nielsen,J (2398) Helsingor 2014}) 9... Nd7 10. Bf4 d5 $146 ({Predecessor:} 10... a6 11. O-O-O b5 12. Na5 Rb8 13. Nxb7 Rxb7 {0-1 (34) Gruenfeld,Y-Basman,M (2395) London 1978}) 11. exd5 Nxd5 12. Bg3 O-O 13. Nfe5 Nxe5 14. Nxe5 Qe7 15. O-O-O Rfc8 16. Kb1 c5 17. dxc5 Rxc5 18. c4 Nf6 19. f4 (19. f3 $11) 19... Nh5 $36 {[%mdl 2048] White is under strong pressure.} 20. Qe3 (20. Qf2 $17) 20... Bxg2 $19 21. Rhg1 Bb7 $1 22. Rd2 Rd8 23. Bh2 (23. Rdd1 $142) 23... Rcc8 ({Inferior is} 23... Qxh4 24. Nxg6 $1 {[%mdl 512]} fxg6 25. Qxe6+ Kh8 26. Qxg6 $11) 24. Nxf7 $2 (24. Ka1) 24... Qxf7 25. Bxg6 Qf6 26. Bxh5 $2 (26. Bd3 {was necessary.}) 26... Rxd2 27. Qxd2 Qf5+ $2 (27... Be4+ 28. Ka1 Rxc4) 28. Ka1 Qxh5 29. f5 Qxf5 30. Qc3 {[%csl Gg1][%cal Rc3g7] [#]} Bg2 $1 {[%mdl 512]} 31. Qd2 (31. Rxg2 Qf1+) 31... Qf3 32. Qxg2 Qxg2 33. Rxg2 {Strongly threatening Be5.} Rxc4 {[%cal Rc4c1][%mdl 4096] Endgame KRB-KRB} 34. Kb1 {Be5 is the strong threat.} Kf7 ({Don't go for} 34... Rxh4 $2 35. Be5 $18) 35. Bg3 Rg4 36. Rf2+ Kg6 37. Bb8 a5 38. Re2 (38. h5+ $17 {might work better.} Kxh5 39. Bc7) 38... Kf5 {Black has a decisive advantage.} 39. Rf2+ Ke4 40. Re2+ Kd3 {Precision: White = 28%, Black = 73%.} 0-1

[Event "World Junior U20 Open 2018"]
[Site "Gebze"]
[Date "2018.09.07"]
[Round "4.9"]
[White "Sargsyan, Shant"]
[Black "Kollars, Dmitrij"]
[Result "1/2-1/2"]
[WhiteElo "2477"]
[BlackElo "2536"]
[Annotator "TA"]
[PlyCount "139"]
[EventDate "2018.09.05"]
[EventType "swiss"]
[EventCountry "TUR"]
[SourceTitle "playchess.com"]
[Source "ChessBase"]
[SourceQuality "1"]

{[%evp 22,139,14,4,8,8,24,8,43,41,41,37,70,63,61,59,81,82,58,58,80,77,95,72,72,72,72,72,72,72,73,73,88,73,105,91,101,88,101,64,81,81,81,81,81,68,70,68,81,81,81,81,81,81,81,81,81,81,81,81,81,81,81,81,81,81,81,81,81,70,81,81,81,70,81,81,81,81,81,81,81,81,81,70,81,0,81,81,81,81,81,81,81,81,81,81,81,81,81,81,81,81,80,80,80,80,80,80,80,0,0,0,8,8,8,8,8,0,0,0]} 1. d4 Nf6 2. c4 e6 3. Nf3 d5 4. g3 dxc4 5. Bg2 c5 6. O-O Nc6 7. dxc5 Qxd1 {E04: Open Catalan: 5 Nf3} 8. Rxd1 Bxc5 9. Nfd2 {[%cal Bf3d2,Bd2e4,Be4d6][%mdl 32]} Na5 10. Na3 Bxa3 11. bxa3 Nd5 12. Ne4 {LiveBook: 3 Games} O-O 13. Bd2 b6 14. Rac1 {[#]} Bd7 $146 ({Predecessor:} 14... Ba6 15. Bxa5 bxa5 {1-0 (39) Carlsen,M (2837)-Harikrishna,P (2744) Riadh 2017}) 15. Bxa5 bxa5 16. Nd6 Rab8 17. Bxd5 exd5 18. Rxd5 Be6 19. Rxa5 Rb2 20. Kf1 Rfb8 21. Rxa7 h5 22. Rc7 Rb1 23. Rxb1 Rxb1+ $16 {[%mdl 4096] Endgame KRB-KRN} 24. Kg2 Rb2 {[#]} 25. e4 $1 ({Reject} 25. Nxc4 Rc2 $15) 25... Rxa2 26. Nb5 Rd2 27. Rc5 f6 28. h4 Rd3 29. f3 Rd2+ 30. Kg1 Bd7 {[#] And now ...Bxb5 would win.} 31. a4 ({Not} 31. Rxh5 $2 Bxb5 32. Rc5 (32. Rxb5 $2 c3 $19) 32... Ba6 $19) 31... Bxb5 32. axb5 {KR-KR} Rb2 33. Rxc4 {Black must now prevent Rc5.} (33. Rxh5 c3 $19) 33... Rxb5 34. Kf2 Kf7 35. Rc7+ Kg6 36. Ke3 Rb1 37. Kf4 Rf1 38. Rc5 Rf2 39. Rd5 Rf1 40. Ke3 Rg1 41. Kf2 Ra1 42. f4 Ra3 43. Rd8 Kh7 44. Rd6 Rb3 45. Rd2 Kg6 46. Re2 Ra3 47. Re3 Ra1 48. Rb3 Ra4 49. Ke3 Rc4 50. Kf3 Ra4 51. Re3 Ra1 52. Ke2 Ra4 53. Kf2 (53. f5+ $16 Kf7 54. Kf3) 53... Rb4 (53... Ra1 $1 $11 {remains equal.}) 54. Kf3 Rb1 55. Rc3 Rb4 56. f5+ Kh6 57. Ke3 Ra4 58. Rd3 (58. Kf4 {feels hotter.} Rb4 59. Rc8 Kh7 60. Rc7 Kh6 61. Rc3) 58... Rb4 59. Rd4 Rb1 60. Rd6 (60. Rd7 {is interesting.} Re1+ 61. Kf3 Rf1+ 62. Kg2 Ra1 63. Rd8) 60... Kh7 61. Re6 Re1+ 62. Kf3 Rf1+ 63. Ke2 Rg1 64. Kf2 Ra1 65. e5 (65. Rd6 $16) 65... Ra5 $11 {The position is equal.} 66. Kf3 fxe5 67. Ke4 Ra3 68. Rg6 Ra5 69. Rg5 Kh6 70. Rg6+ {Precision: White = 66%, Black = 60%.} 1/2-1/2

[Event "World Junior U20 Open 2018"]
[Site "Gebze"]
[Date "2018.09.07"]
[Round "4.10"]
[White "Puranik, Abhimanyu"]
[Black "Can, Isik"]
[Result "1-0"]
[WhiteElo "2524"]
[BlackElo "2361"]
[Annotator "TA"]
[PlyCount "59"]
[EventDate "2018.09.05"]
[EventType "swiss"]
[EventCountry "TUR"]
[SourceTitle "playchess.com"]
[Source "ChessBase"]
[SourceQuality "1"]

{[%evp 23,59,33,33,22,21,21,26,7,11,7,7,7,10,7,7,7,58,59,59,60,98,76,102,53,337,340,299,305,318,322,333,330,337,337,436,419,529,518]} 1. e4 c6 2. Nc3 d5 3. Nf3 Bg4 4. h3 Bxf3 5. Qxf3 e6 6. g3 Nf6 7. Bg2 Nbd7 8. d4 {B11: Caro-Kann: Two Knights Variation} dxe4 9. Nxe4 Nxe4 10. Qxe4 Nf6 11. Qd3 Be7 12. O-O O-O {LiveBook: 3 Games} 13. c3 Qb6 14. Qe2 {[#]} a5 $146 ({Predecessor:} 14... Rfe8 15. Re1 a5 {0-1 (40) Kashtanov,R (2353)-Ovetchkin,R (2528) St Petersburg 2005}) 15. a4 Rfd8 16. Rd1 Rd7 17. Bf3 Qb3 18. Kg2 Rad8 19. h4 {[%cal Bh3h4,Bh4g5][%mdl 32]} c5 (19... Qb6 $11) 20. Be3 Nd5 21. Bg5 $1 {[#] Hoping for dxc5.} cxd4 22. Rxd4 {Strongly threatening Bxd5.} Bxg5 23. hxg5 Ne7 $2 {[%mdl 8192] [#]} (23... Nc7 $1 $14) 24. Rxd7 $1 $18 Rxd7 25. Qb5 Qxb5 26. axb5 {[%cal Ba4b5,Bb5b6][%mdl 32]} f6 27. gxf6 ({Weaker is} 27. Rxa5 Nf5 $18) 27... gxf6 28. Rxa5 Nf5 29. b6 Nd6 30. b3 {Precision: White = 78%, Black = 38%.} 1-0